Planning Policy Statement 10 (Record no. 99589)

MARC details
000 -LEADER
fixed length control field 01136cad a2200229 4500
008 - FIXED-LENGTH DATA ELEMENTS--GENERAL INFORMATION
fixed length control field 000000n2006 000 0 eng u
020 ## - INTERNATIONAL STANDARD BOOK NUMBER
International Standard Book Number 9780117539501
035 ## - SYSTEM CONTROL NUMBER
System control number (Sirsi) u100100
041 ## - LANGUAGE CODE
Language code of text/sound track or separate title ENG
110 ## - MAIN ENTRY--CORPORATE NAME
Corporate name or jurisdiction name as entry element Department for Communities and Local Government
9 (RLIN) 5880
245 ## - TITLE STATEMENT
Title Planning Policy Statement 10
Remainder of title Planning for Sustainable Waste Management
260 ## - PUBLICATION, DISTRIBUTION, ETC.
Place of publication, distribution, etc. London
Name of publisher, distributor, etc. TSO
Date of publication, distribution, etc. 2005
490 ## - SERIES STATEMENT
Series statement PPG
Volume/sequential designation 10
520 ## - SUMMARY, ETC.
Summary, etc. Planning Policy Statement 10 (PPS10) sets out the Government's policy to be taken into account by waste planning authorities and forms part of the national waste management plan for the UK. First published in July 2005 and amended in 2011. Replaces Planning Policy Guidance 10: Planning and Waste Management (PPG10) published in 1999. (1851123
650 ## - SUBJECT ADDED ENTRY--TOPICAL TERM
Topical term or geographic name entry element PPG10
650 ## - SUBJECT ADDED ENTRY--TOPICAL TERM
Topical term or geographic name entry element PLANNING POLICY GUIDANCE NOTES
650 ## - SUBJECT ADDED ENTRY--TOPICAL TERM
Topical term or geographic name entry element POLLUTION
650 ## - SUBJECT ADDED ENTRY--TOPICAL TERM
Topical term or geographic name entry element Environment
9 (RLIN) 6238
690 ## - LOCAL SUBJECT ADDED ENTRY--TOPICAL TERM (OCLC, RLIN)
Topical term or geographic name as entry element ENVIRONMENT AND LAND CONSULTANCY-PLANNING AND DEVELOPMENT
856 ## - ELECTRONIC LOCATION AND ACCESS
Uniform Resource Identifier <a href="https://www.communities.gov.uk/documents/planningandbuilding/pdf/1876202.pdf">https://www.communities.gov.uk/documents/planningandbuilding/pdf/1876202.pdf</a>
Public note View the item free of charge at www.communities.gov.uk
942 ## - ADDED ENTRY ELEMENTS (KOHA)
Suppress in OPAC 0
Holdings
Withdrawn status Lost status Source of classification or shelving scheme Damaged status Not for loan Home library Current library Shelving location Date acquired Total Checkouts Full call number Barcode Date last seen Copy number Price effective from Koha item type
    Dewey Decimal Classification     Virtual Virtual Online 22/04/2003   ONLINE PUBLICATION 100100-2001 06/08/2019 1 06/08/2019 Book